01639nab a2200217uuc4500001000800000005001700008008004100025035001200066040001300078041000800091100003300099245015400132520081400286650001801100650004401118650001701162700002901179700005201208700004401260773011701304132456120240202111639.0130419e20120501 spa  a1324561 ccomduadb aspa10aQuiñonez, Johana4auteaut10aSelección heurística de mecanismos de compresión aplicados a mensajes Soap para mejorar el acceso a servicios Web desde redes de baja capacidad3 aEste artículo es el resultado de una investigación científica que busca mejorar el acceso a servicios Web basados en SOAP desde redes de baja capacidad. Los servicios Web se caracterizan por utilizar SOAP como protocolo de transporte, y XML como lenguaje para representar la información. XML usa un marcado basado en etiquetas y se almacena en texto plano, lo cual sobrecarga significativamente los datos y obliga a emplear una infraestructura con buenas capacidades de red. Por tanto, se pretende resolver el problema a través de diferentes herramientas de compresión aplicadas a los mensajes SOAP de respuesta y seleccionadas de acuerdo con las características del dispositivo consumidor y de su conexión con el proveedor, a partir de la definición heurística de modelos matemáticos. aServicios Web aXML (Lenguaje descriptor de hipertexto) aHeurística10aGarzon, Victor4auteaut10aMartínez Pabón, Francisco Orlando4auteaut10aCorrales Muñoz, Juan Carlos4auteaut0 tEl Hombre y la Máquina (Cali)gVolúmen 24, Número 39, Mayo-Agosto 2012, p. 65-78w118402x0121-0777067783